| 000 | 00743nam a2200265Ia 4500 | ||
|---|---|---|---|
| 003 | OSt | ||
| 005 | 20221007112657.0 | ||
| 006 | a|||||r|||| 00| 0 | ||
| 007 | ta | ||
| 008 | 221006b |||||||| |||| 00| 0 eng d | ||
| 024 | _a29,161 | ||
| 037 | _cAnnuals, Advances | ||
| 040 |
_aLCO _cLCO _beng |
||
| 041 |
_2eng _aeng |
||
| 082 | _aX5:545:(Z), Q1 | ||
| 100 |
_aQureshi Ashif H _9708737 |
||
| 245 | 0 | _aInternational Economic Law | |
| 250 | _a1st | ||
| 260 |
_aLondon _bSweet & Maxwell U.K _c2011 |
||
| 300 | _a622 | ||
| 650 |
_aINTERNATIONAL ECONMIC _9708738 |
||
| 700 |
_a Ziegler Andreas R _9708739 |
||
| 942 |
_hX5:545:(Z), Q1 _cREF |
||
| 999 |
_c1198724 _d1198724 |
||